000 00913nam a22003257a 4500
001 0004195
003 KOHA_MİRAKIL
005 20260207001403.0
007 ta
008 090420b2004 tu |||gr||||#||||0|tur |
020 _a9755990259
040 _aTR-BiSEU
_btur
_cTR-BiSEU
_erda
041 0 _atur
044 _ctu
050 _aBJ1611.2
_b.Z54 2004
100 1 _aZiglar, Zig.
245 1 _aZirveye cikan basamaklar/
_cZig Ziglar ; Zig Ziglar; çeviren Tayfur Keskin.
264 1 _aİstanbul :
_bBeyaz,c2004
_c2004
300 _aix, 239 sayfa
336 _ametin
_btxt
_2rdacontent
337 _aaracısız
_bn
_2rdamedia
338 _acilt
_bnc
_2rdacarrier
490 1 _aBeyaz yayinlari ;
_v114
650 0 _aConduct of life.
_910273
650 0 _aYasam bicimi.
_910274
650 0 _aSuccess.
_94756
650 0 _aBasari.
_910275
830 1 _aBeyaz yayinlari ;
_v114
_910276
942 _2lcc
_cBK
999 _c4178
_d4178